| 000 | 00000nas 2200000za 4500 |
| 001 | 9.811273 |
| 003 | CaOODSP |
| 005 | 20221107141042 |
| 007 | cr ||||||||||| |
| 008 | 160215u1977 oncuu m o f000#a0eng|d |
| 022 | |z0706-7313 |
| 040 | |aCaOODSP|beng |
| 041 | |aeng|afre |
| 043 | |an-cn--- |
| 086 | 1 |aA42-42E-PDF |
| 245 | 04|aThe insects and arachnids of Canada |h[electronic resource]. |
| 260 | |aOttawa : |bResearch Branch, Agriculture Canada, |c1976- . |
| 300 | |av. : |bill. (some col.), maps. |
| 310 | |aIrregular |
| 362 | 0 |aPt. 1-- |
| 500 | |aPt. 1 published in 1977, pt. 2 published in 1976. |
| 500 | |aFrench numbers published under title: Les insectes et arachnides du Canada. |
| 504 | |aIncludes bibliographies and indexes. |
| 515 | |aNumbering irregular; shared with: Les insectes et arachnides du Canada. |
| 546 | |aIncludes some text in French, 1982- |
| 692 | 07|2gccst|aInsects |
| 692 | 07|2gccst|aArachnids |
| 710 | 1 |aCanada.|bAgriculture Canada.|bResearch Branch. |
| 775 | 08|tLes insectes et arachnides du Canada |w(CaOODSP)9.811308 |
| 776 | 0#|tThe insects and arachnids of Canada |w(CaOODSP)9.514402 |